Distributed computing (Record no. 176182)

000 -LEADER
fixed length control field 00381nam a2200145Ia 4500
008 - FIXED-LENGTH DATA ELEMENTS--GENERAL INFORMATION
fixed length control field 220217s9999||||xx |||||||||||||| ||und||
020 ## - INTERNATIONAL STANDARD BOOK NUMBER
International Standard Book Number 81-265-0916-3
082 ## - DEWEY DECIMAL CLASSIFICATION NUMBER
Classification number 003.78 ATT
100 ## - MAIN ENTRY--PERSONAL NAME
Personal name Attiya, Hagit and Welch, Jennifer
245 #0 - TITLE STATEMENT
Title Distributed computing
250 ## - EDITION STATEMENT
Edition statement 2nd
260 ## - PUBLICATION, DISTRIBUTION, ETC.
Place of publication, distribution, etc. Wiley india
Name of publisher, distributor, etc. New Delhi
Date of publication, distribution, etc. 2008
300 ## - PHYSICAL DESCRIPTION
Other physical details 249
650 ## - SUBJECT ADDED ENTRY--TOPICAL TERM
Topical term or geographic name entry element COMPUTER SCIENCE
Holdings
Withdrawn status Lost status Damaged status Not for loan Collection code Home library Current library Shelving location Date acquired Total Checkouts Full call number Barcode Date due Date last seen Date last checked out Price effective from Koha item type
        Computer Science and Engineering Central Library Central Library Book Cart 02/18/2022 1 003.78 ATT 11371 03/24/2023 03/24/2022 03/24/2022 02/18/2022 Books

Powered by Koha